000 00429nam a2200145Ia 4500
003 OSt
005 20260114102237.0
008 211028s2012 xx 000 0 und d
040 _cAIMIT LIBRARY
041 _aeng
100 _aBiju, Anson; Achar, Sumitha.
_g1016005
_96883
245 _aAn analysis of drying time and space constraint at hh ceramics Mangalore /
260 _aMangalore
_bAchar, Sumitha
_c2012
942 _2ddc
_cPRO
999 _c218453
_d218453